000 00660nam a2200205Ia 4500
003 OSt
005 20240319141139.0
008 210210b1989 xxu||||| |||| 00| 0 eng d
040 _cAL
041 _aKannada
082 _aK894.209 GIRN
100 _aGIRADDI GOVINDARAJA.
_dಗಿರಡ್ಡಿ ಗೋವಿಂದರಾಜ
_9155370
245 _aNataka sahitya mattu rangabhumi.
_bನಾಟಕ ಸಾಹಿತ್ಯ ಮತ್ತು ರಂಗಭೂಮಿ
260 _aSagara
_bAkshara Prakashana
_c1989
300 _a134
650 _aNataka sahitya rangabhumi
_9155371
690 _aKannada Drama Criticism
_9155372
906 _a042151
942 _2ddc
_cBK
999 _c92211
_d92211